MARC details
| 000 -LEADER |
| campo de control de longitud fija |
01403cac a2200337 a 4500 |
| 003 - IDENTIFICADOR DE NÚMERO DE CONTROL |
| campo de control |
Co-PeBPM |
| 005 - FECHA Y HORA DE LA ÚLTIMA TRANSACCIÓN |
| campo de control |
20240522163008.0 |
| 007 - CAMPO FIJO DE DESCRIPCIÓN FÍSICA--INFORMACIÓN GENERAL |
| campo de control de longitud fija |
ta |
| 008 - DATOS DE LONGITUD FIJA--INFORMACIÓN GENERAL |
| campo de control de longitud fija |
231129s1987||||ck a||||||||||||| ||spa|| |
| 020 ## - NÚMERO INTERNACIONAL ESTÁNDAR DEL LIBRO |
| Número Internacional Estándar del Libro |
8420623369 |
| 040 ## - FUENTE DE CATALOGACIÓN |
| Centro catalogador/agencia de origen |
Co-PeBPM |
| Lengua de catalogación |
spa |
| Centro/agencia transcriptor |
Co-PeBPM |
| Normas de descripción |
rda |
| 082 04 - NÚMERO DE LA CLASIFICACIÓN DECIMAL DEWEY |
| Número de clasificación |
002 D131h |
| Número de edición |
22 |
| 100 ## - ENTRADA PRINCIPAL--NOMBRE DE PERSONA |
| Nombre de persona |
Dahl, Svend |
| Término indicativo de función/relación |
autor |
| 245 #0 - MENCIÓN DEL TÍTULO |
| Título |
Historia del libro |
| Mención de responsabilidad, etc. |
/ Svend Dahl; traducción del danés por Alberto Adell; Adiciones españolas de Fernando Huarte Morton |
| 250 ## - MENCION DE EDICION |
| Mención de edición |
Tercera reimpresión |
| 260 ## - PUBLICACIÓN, DISTRIBUCIÓN, ETC. |
| Lugar de publicación, distribución, etc. |
Madrid, España |
| Nombre del editor, distribuidor, etc. |
: Alianza Editorial, |
| Fecha de publicación, distribución, etc. |
1987 |
| 300 ## - DESCRIPCIÓN FÍSICA |
| Extensión |
316 páginas |
| Otras características físicas |
ilustraciones en blanco y negro |
| Dimensiones |
20 centímetros |
| 490 ## - MENCIÓN DE SERIE |
| Mención de serie |
Alianza Universidad |
| Designación de volumen o secuencia |
336 |
| 501 ## - NOTA DE CON |
| Nota de "Con" |
Incluye índice |
| 504 ## - NOTA DE BIBLIOGRAFÍA, ETC. |
| Nota de bibliografía, etc. |
Incluye bibliografía |
| 505 ## - NOTA DE CONTENIDO CON FORMATO |
| Nota de contenido con formato |
La Antigüedad. -- La Edad Media. -- Fin de la Edad Media. El siglo XVI. -- El siglo XVII. -- El siglo XVIII. -- El siglo XIX y comienzos del XX. -- La época posterior a 1914. |
| 650 10 - PUNTO DE ACCESO ADICIONAL DE MATERIA--TÉRMINO DE MATERIA |
| Término de materia o nombre geográfico como elemento de entrada |
Libros y lectura - Historia |
| Fuente del encabezamiento o término |
Lemb |
| 650 10 - PUNTO DE ACCESO ADICIONAL DE MATERIA--TÉRMINO DE MATERIA |
| Término de materia o nombre geográfico como elemento de entrada |
Libros impresos en pergamino - Historia |
| Fuente del encabezamiento o término |
Lemb |
| 650 10 - PUNTO DE ACCESO ADICIONAL DE MATERIA--TÉRMINO DE MATERIA |
| Término de materia o nombre geográfico como elemento de entrada |
Imprenta - Historia |
| Fuente del encabezamiento o término |
Lemb |
| 650 10 - PUNTO DE ACCESO ADICIONAL DE MATERIA--TÉRMINO DE MATERIA |
| Término de materia o nombre geográfico como elemento de entrada |
Libros xilográficos |
| Fuente del encabezamiento o término |
Lemb |
| 650 10 - PUNTO DE ACCESO ADICIONAL DE MATERIA--TÉRMINO DE MATERIA |
| Término de materia o nombre geográfico como elemento de entrada |
Libros - Historia |
| Fuente del encabezamiento o término |
Lemb |
| 700 ## - ENTRADA AGREGADA--NOMBRE PERSONAL |
| Nombre de persona |
Adell, Alberto |
| Término indicativo de función/relación |
traducción |
| 700 ## - ENTRADA AGREGADA--NOMBRE PERSONAL |
| Nombre de persona |
Huarte Morton, Fernando |
| Término indicativo de función/relación |
Adiciones españolas |
| 942 ## - ELEMENTOS DE ENTRADA SECUNDARIOS (KOHA) |
| Fuente del sistema de clasificación o colocación |
Clasificación Decimal Dewey |
| Tipo de ítem Koha |
Libros |